ბათუმის შოთა რუსთაველის სახელმწიფო უნივერსიტეტის ბიბლიოთეკა

ჟურნალისტის ორთოგრაფიულ – სტილისტიკური ლექსიკონი (ბიბ.ჩანაწერი № 35870)

000 -ლიდერი
ფიქსირებული სიგრძის საკონტროლო ველი 01105nam a2200241Ia 4500
001 - საკონტროლო ნომერი
საკონტროლო ველი 1761
003 - საკონტროლო ნომრის იდენტიფიკატორი
საკონტროლო ველი GE_BSU
005 - ბოლო ოპერაციის თარიღი და დრო
საკონტროლო ველი 20231002120224.0
008 - ფიქსირებული სიგრძის მონაცემთა ელემენტები - ზოგადი ინფორმაცია
ფიქსირებული სიგრძის საკონტროლო ველი 181216s2011||||ge |||||||||||||| ||geo||
010 ## - კონგრესის ბიბლიოთეკის საკონტროლო ნომერი
LC საკონტროლო ნომერი 989941103285
020 ## - წიგნის საერთაშორისო სტანდარტული ნომერი
International Standard Book Number 989941103285
040 ## - კატალოგიზაციის წყარო
Transcribing agency GE_BSU
041 ## - ენის კოდი
Language code of text/sound track or separate title geo
080 ## - უნივერსალური ათობითი კლასიფიკაციის ინდექსი
Universal Decimal Classification number 070(038) ჟ–96
245 ## - ცნობა სათაურის შესახებ
Title ჟურნალისტის ორთოგრაფიულ – სტილისტიკური ლექსიკონი
Remainder of title ტ. II
Statement of responsibility, etc მთავარი რედ.თამარ ვაშაკიძე; არნ. ჩიქობავას ენათმეცნიერების ინ–ტი.
264 ## - წარმოების, გამოცემის, დისტრიბუციის და სხვა ცნობები
გამოცემის, წარმოების, დისტრიბუციის... ადგილი თბილისი :
გამოცემის, წარმოების, დისტრიბუციის... სახელწოდება მერიდიანი,
გამოცემის, წარმოების, დისტრიბუციის... თარიღი 2011.
300 ## - ფიზიკური აღწერა
Extent 363 გვ. ;
Other physical details 19 სმ.
653 ## - INDEX TERM--UNCONTROLLED
Uncontrolled term ჟურნალისტიკა
653 ## - INDEX TERM--UNCONTROLLED
Uncontrolled term ლექსიკონი
700 ## - ADDED ENTRY--PERSONAL NAME
Personal name ვაშაკიძე, თამარ
Relator term რედაქტორი
9 (RLIN) 19969
710 ## - ADDED ENTRY--CORPORATE NAME
Corporate name or jurisdiction name as entry element არნ. ჩიქობავას ენათმეცნიერების ინ–ტი
9 (RLIN) 19970
942 ## - ADDED ENTRY ELEMENTS (KOHA)
Koha item type წიგნი
Source of classification or shelving scheme
ეგზემპლარები
ჩამოწერის სტატუსი დაკარგული ეგზემპლარის სტატუსი კლასიფიკაციის წყარო ან თაროზე გაწყობის სქემა დაზიანების სტატუსი არ გაიცემა მუდმივი მდებარეობა (დაცვის ადგილი) ამჟამინდელი ადგილსამყოფელი თაროზე განთავსების ადგილი შეძენის თარიღი ღირებულება, შესყიდვის ნორმალური ფასი სრული შენახვის შიფრი შტრიხკოდი ბოლო ოპერაციის თარიღი ეგზემპლარის მიმდევრობითი ნომერი (კეტერი?) ფასის ძალაში შესვლის თარიღი ეგზემპლარის სახეობა საჯარო შენიშვნა
          ბათუმის შოთა რუსთაველის სახელმწიფო უნივერსიტეტის მთავარი ბიბლიოთეკა ბათუმის შოთა რუსთაველის სახელმწიფო უნივერსიტეტის მთავარი ბიბლიოთეკა წიგნსაცავი 2018-12-17 10.00 070(038) ჟ–96 3547 2018-12-17 3547 2018-12-17 წიგნი 10 ლ.